| Tag |
First Indicator |
Second Indicator |
Subfields |
| LEADER |
00000cam a2200000 a 4500 |
| 001 |
in00002425197 |
| 005 |
20151109163855.0 |
| 008 |
080531s2008 enka 001 0 eng d |
| 020 |
|
|
|a 1847015034 (James Currey cloth)
|
| 020 |
|
|
|a 9781847015037 (James Currey cloth)
|
| 020 |
|
|
|a 1847015026 (James Currey paper)
|
| 020 |
|
|
|a 9781847015020 (James Currey paper)
|
| 020 |
|
|
|a 0821418424 (Ohio University Press cloth)
|
| 020 |
|
|
|a 9780821418420 (Ohio University Press cloth)
|
| 020 |
|
|
|a 0821418432 (Ohio University Press paper)
|
| 020 |
|
|
|a 9780821418437 (Ohio University Press paper)
|
| 020 |
|
|
|a 1779220758 (Weaver Press paper)
|
| 020 |
|
|
|a 9781779220752 (Weaver Press paper)
|
| 020 |
|
|
|a 1868144720 (Wits University Press paper)
|
| 020 |
|
|
|a 9781868144723 (Wits University Press paper)
|
| 020 |
|
|
|a 9780812024 (HEBN paper)
|
| 020 |
|
|
|a 9789780812027 (HEBN paper)
|
| 035 |
|
|
|a (OCoLC)ocn230198710
|
| 040 |
|
|
|a BTCTA
|c BTCTA
|d IXA
|d TXA
|d UtOrBLW
|
| 043 |
|
|
|a f------
|
| 049 |
|
|
|a TXAM
|
| 082 |
0 |
|
|a 070.5/096
|2 22
|
| 090 |
|
|
|a Z465.3
|b .C87 2008
|
| 100 |
1 |
|
|a Currey, James.
|
| 245 |
1 |
0 |
|a Africa writes back :
|b the African writers series & the launch of African literature /
|c James Currey ; portraits and other photographs by George Hallett.
|
| 264 |
|
1 |
|a Oxford :
|b James Currey ;
|a Johannesburg :
|b Wits University Press ;
|a Athens, Ohio :
|b Ohio University Press ;
|a Ibadan :
|b HEBN ;
|a Nairobi :
|b EAEP ;
|a Harare :
|b Weaver Press ;
|a Dar es Salaam :
|b Mkuki na Nyota,
|c 2008.
|
| 300 |
|
|
|a xxxi, 318 pages :
|b illustrations ;
|c 24 cm.
|
| 336 |
|
|
|a text
|b txt
|2 rdacontent
|
| 337 |
|
|
|a unmediated
|b n
|2 rdamedia
|
| 338 |
|
|
|a volume
|b nc
|2 rdacarrier
|
| 500 |
|
|
|a Includes index.
|
| 630 |
0 |
0 |
|a African writers series
|x History.
|
| 650 |
|
0 |
|a African literature
|x Publishing
|x History
|y 20th century.
|
| 650 |
|
0 |
|a African literature
|y 20th century
|x History and criticism.
|
| 650 |
|
0 |
|a African literature (English)
|x Publishing
|x History
|y 20th century.
|
| 650 |
|
0 |
|a African literature (English)
|y 20th century
|x History and criticism.
|
| 651 |
|
0 |
|a Africa
|x Intellectual life
|y 20th century.
|
| 948 |
|
|
|a cataloged
|b h
|c 2008/10/27
|d c
|e dmitchel
|f 11:30:20 am
|
| 994 |
|
|
|a C0
|b TXA
|
| 999 |
|
|
|a MARS
|
| 999 |
f |
f |
|s a5f28c3d-c7fd-3387-8ce3-9fb00b6b0d93
|i 563cdec8-efd1-36ba-b972-0aa863a55665
|t 0
|
| 952 |
f |
f |
|p ric
|a Texas A&M University
|b Rellis Campus
|c Joint Library Facility
|d Remote Storage
|t 0
|e Z465.3 .C87 2008
|h Library of Congress classification
|i unmediated -- volume
|m A14836650432
|
| 998 |
f |
f |
|a Z465.3 .C87 2008
|t 0
|l Remote Storage
|